00461nam a2200145 a 4500008004100000020001800041050001600059100002200075245007900097260004300176300001700219650003500236650002600271700001800297130416s2007 ||||||||||||||||| || u a9780199115327 aPE 1628 Oxf aDelahunty, Andrew10aOxford student's dictionary. cedited by Robert Allen and Andrew Delahunty aOxford:bOxford University Pressc2007 axiii, 1232p. 0aENGLISH LANGUAGE--DICTIONARIES aENGLISH--DICTIONARIES aAllen, Robert